| 000 | 00534nam a2200181 a 4500 | ||
|---|---|---|---|
| 001 | 1757 | ||
| 005 | 20140414131909.0 | ||
| 008 | 001218s19uu xx 00 eng d | ||
| 020 | _a0-307-12018-X | ||
| 050 |
_aER _bB48 1986 |
||
| 100 | _aSommers, Tish | ||
| 245 |
_aA bird's best friend / _cby Tish Sommers ; illustrated by Maggie Swanson. |
||
| 260 |
_aU. S. A : _bA Sesame Street/Golden Press Book, _c1986. |
||
| 300 | _a1 v. p. : ill. ; cm. | ||
| 440 | _aCTW/Sesame Street | ||
| 650 | _aFriendship - Fiction. | ||
| 999 |
_c111094 _d111094 |
||